[Event "Saint Vincent op"]
[Site "Saint Vincent"]
[Date "1998.??.??"]
[Round "7"]
[White "De Kleuver, Esther"]
[Black "Vallejo Pons, Francisco"]
[Result "1/2-1/2"]
[WhiteElo "2180"]
[BlackElo "2415"]

1.e4 g6 2.d4 Bg7 3.Nc3 c5 4.Nge2 cxd4 5.Nxd4 Nc6 6.Be3 d6 7.g3 Nf6 8.h3 Bd7
9.Bg2 O-O 10.O-O Na5 11.Kh2 Nc4 12.Bc1 Qb6 13.Nde2 Nxb2 14.Bxb2 Qxb2 15.Rb1 Qa3
16.Rxb7 Rad8 17.Qd3 e6 18.Qe3 a6 19.Rd1 Bc8 20.Rb6 Rd7 21.Rd3 Rfd8 22.Nb5 Qxa2
23.Nxd6 Bf8 24.Ra3 Qxa3 25.Qxa3 Rxd6 26.Rxd6 Bxd6 27.Qa5 Be7 28.Qc7 Kf8 29.Nf4 Ne8
30.Qc3 Kg8 31.Nd3 Bd7 32.Ne5 Bb5 33.Qf3 f6 34.Ng4 e5 35.Ne3 Nc7 36.c4 Be8
37.Nd5 Nxd5 38.cxd5 a5 39.Qb3 Bd6 40.Bf1 a4 41.Qb6 Be7 42.Qe6+ Kf8 43.Qb6 a3
44.Bc4 Rd6 45.Qe3 g5 46.Qxa3 Rxd5 47.Qxe7+ Kxe7 48.Bxd5 Kd6 49.Kg2 Bh5 50.f3 f5
51.Bg8 fxe4 52.fxe4 h6 53.Kf2 Kc5 54.Ke3 Kb4 55.h4 gxh4 56.gxh4 Kc3 57.Be6 Kc2
58.Bc4 Bg4 59.Bf1 Kd1 60.Bb5 Ke1 61.Ba6 Bh3 62.Bb5 Bg4  1/2-1/2

[Event "San Jose op"]
[Site "San Jose"]
[Date "1998.??.??"]
[Round "2"]
[White "Ramiro Ovejero, Juan Luis"]
[Black "San Jose Torres, Carlos"]
[Result "1-0"]
[WhiteElo "2265"]
[BlackElo "1950"]

1.e4 g6 2.d4 Bg7 3.Nc3 c5 4.Be3 Qa5 5.Qd2 cxd4 6.Bxd4 Bxd4 7.Qxd4 Nf6 8.f4 Nc6
9.Qd2 d6 10.Nf3 O-O 11.Bc4 Bd7 12.O-O-O a6 13.Rhe1 Rad8 14.Nd5 Qxd2+ 15.Rxd2 Nh5
16.g3 Bg4 17.Nd4 e5 18.Nxc6 bxc6 19.Ne7+ Kg7 20.fxe5 dxe5 21.Nxc6 Rxd2 22.Kxd2 Re8
23.Bxa6 Re6 24.Bb5 Nf6 25.a4 Bf3 26.Kd3 Rd6+ 27.Kc4 Bxe4 28.Nxe5 Bxc2 29.a5 Rd8
30.a6 Ne4 31.Nc6 Ra8 32.a7 Nd6+ 33.Kc5 Nc8 34.Re8 Bf5 35.Ba6 Bd7 36.Rxc8 Bxc8
37.Bxc8 Rxc8 38.Kb6  1-0

[Event "SVK-chT 9798"]
[Site "SVK"]
[Date "1998.??.??"]
[Round "7"]
[White "Zambor, Norbert"]
[Black "Kaposztas, Miklos"]
[Result "1-0"]
[WhiteElo "2235"]
[BlackElo "2235"]

1.d4 g6 2.e4 Bg7 3.Nc3 c5 4.d5 d6 5.f4 Nf6 6.Bb5+ Nfd7 7.Nf3 O-O 8.a4 Na6
9.O-O Nc7 10.Bd3 Nf6 11.h3 a6 12.Bc4 Bd7 13.e5 Nfe8 14.a5 Nb5 15.Ne4 Qc7
16.Qd3 Bf5 17.g4 Bxe4 18.Qxe4 Rc8 19.c3 Nd4 20.cxd4 cxd4 21.Bd2 dxe5 22.fxe5 f5
23.gxf5 gxf5 24.Qf4 Qxc4 25.Rac1 Qxc1 26.Rxc1 Nc7 27.Qxd4 Nb5 28.Qb6 Rxc1+
29.Bxc1  1-0

[Event "ROM-chT"]
[Site "Timisu de Sus"]
[Date "1998.??.??"]
[Round "1"]
[White "Vajda, Levente"]
[Black "Istratescu, Andrei"]
[Result "0-1"]
[WhiteElo "2480"]
[BlackElo "2540"]

1.e4 g6 2.d4 Bg7 3.Nc3 a6 4.Nf3 d6 5.Be2 Nf6 6.O-O O-O 7.a4 Nc6 8.d5 Nb8
9.Be3 e5 10.a5 Nbd7 11.Nd2 Kh8 12.Na4 Ng8 13.f3 Bh6 14.Bf2 f5 15.c4 Qg5 16.Nb3 fxe4
17.fxe4 Ndf6 18.h4 Qf4 19.g3 Qxe4 20.Nc3 Qf5 21.c5 Qh3 22.Ra4 Be3  0-1

[Event "Wattens op 13th"]
[Site "Wattens"]
[Date "1998.??.??"]
[Round "7"]
[White "Riedl, Johannes"]
[Black "Seywald, Johann"]
[Result "1-0"]
[WhiteElo "1855"]
[BlackElo "1680"]

1.e4 g6 2.d4 Bg7 3.Nc3 c5 4.Nf3 Nc6 5.Be3 cxd4 6.Nxd4 d6 7.Qd2 Nf6 8.f3 Bd7
9.Bc4 O-O 10.O-O-O a5 11.g4 Ne5 12.Be2 a4 13.h4 h5 14.gxh5 Nxh5 15.Rdg1 Qc8
16.f4 Nc4 17.Bxc4 Qxc4 18.f5 e5 19.Nde2 a3 20.b3 Qb4 21.fxg6 fxg6 22.Rxg6 Nf4
23.Bxf4 exf4 24.Rhg1 Rf7 25.Nd5 Qxd2+ 26.Kxd2 f3 27.Nef4 Kh7 28.Rxg7+ Rxg7
29.Nf6+ Kh8 30.Rxg7 Kxg7 31.Nxd7 Re8 32.Ke3 Rxe4+ 33.Kxe4 f2 34.Nh5+  1-0

[Event "EUCup final (Women)"]
[Site "Wuppertal"]
[Date "1998.??.??"]
[Round "2"]
[White "Litinskaya, Marta I"]
[Black "Foisor, Cristina Adela B"]
[Result "1/2-1/2"]
[WhiteElo "2340"]
[BlackElo "2410"]

1.d4 g6 2.e4 Bg7 3.Nc3 c5 4.d5 d6 5.Bb5+ Bd7 6.a4 Na6 7.Nge2 Nc7 8.Bc4 a6
9.Qd3 Nf6 10.f3 O-O 11.O-O b6 12.Ra3 Qc8 13.Rb3 Rb8 14.Be3 b5 15.axb5 axb5
16.Nxb5 Nxb5 17.Rxb5 Bxb5 18.Bxb5 Nd7 19.Qb3 Qc7 20.c4 Rb7 21.Qc2 Rfb8 22.Nc3 Qd8
23.Rb1 Ra7 24.Ne2 Nb6 25.Nc3 Rba8 26.Qc1 Qf8 27.Bc6 Nxc4 28.Bxa8 Nxe3 29.Bc6 Bh6
30.Qd2 Nf5 31.Qd3 Nd4 32.Bb5 Bg7 33.Bc4 Qa8 34.g3 Ra1 35.Kf2 Qa5 36.Rxa1 Qxa1
37.Qb1 Qa5 38.Qd3 Qb4 39.Nd1  1/2-1/2

[Event "Nova Gorica op"]
[Site "Nova Gorica"]
[Date "1999.01.29"]
[Round "2"]
[White "Drazic, Sinisa"]
[Black "Laco, Giuseppe"]
[Result "1-0"]
[WhiteElo "2478"]
[BlackElo "2215"]

1.d4 g6 2.e4 Bg7 3.Nc3 c5 4.Be3 cxd4 5.Bxd4 f6 6.Qd2 Nc6 7.Be3 Ne5 8.Be2 d6
9.h3 Be6 10.Nd5 Qc8 11.Nf3 Nc4 12.Bxc4 Qxc4 13.Nd4 Bd7 14.b3 Qc8 15.c4 e6
16.Nc3 a6 17.O-O g5 18.Nde2 Bf8 19.f4 h6 20.Rac1 Qd8 21.f5 Qa5 22.fxe6 Bxe6
23.Nd4 Bd7 24.b4 Qe5 25.Nf5 O-O-O 26.Bb6 Re8 27.Bd4 Qe6 28.Nd5 Kb8 29.b5 Bc8
30.bxa6 bxa6 31.Rb1+ Bb7 32.Rxb7+ Kxb7 33.Qa5 Rh7 34.Rb1+  1-0

[Event "Yangon schev"]
[Site "Yangon"]
[Date "1999.02.10"]
[Round "11"]
[White "Ganbold, Odondoo"]
[Black "Htun Htun Than"]
[Result "1-0"]
[WhiteElo "2320"]
[BlackElo "2499"]

1.d4 g6 2.e4 Bg7 3.Nc3 c5 4.dxc5 Bxc3+ 5.bxc3 Qa5 6.Ne2 Nc6 7.Be3 Nf6 8.f3 O-O
9.Qd2 Rd8 10.Nd4 d5 11.Rd1 Nxd4 12.cxd4 Qxd2+ 13.Rxd2 dxe4 14.c4 h5 15.d5 Bf5
16.Rb2 Rd7 17.Be2 Rc7 18.Kf2 Nd7 19.Bf4 Rxc5 20.Rxb7 exf3 21.gxf3 Ra5 22.Rb2 Rc8
23.Bd2 Ra4 24.Bb4 Nc5 25.Bxc5 Rxc5 26.Ke3 Kg7 27.Kd4 Rca5 28.Ra1 Kf6 29.Bd1 Ra3
30.Bb3 e5+ 31.Kc3 Rc5 32.Kb4 Raa5 33.Re1  1-0

[Event "Novgorod op"]
[Site "Novgorod"]
[Date "1999.03.21"]
[Round "3"]
[White "Karpatchev, Aleksandr"]
[Black "Kondenko, Alexey"]
[Result "0-1"]
[WhiteElo "2477"]
[BlackElo "2254"]

1.e4 g6 2.d4 Bg7 3.Nc3 a6 4.h4 h5 5.Nf3 d6 6.Ng5 Nc6 7.Be3 e5 8.dxe5 Nxe5
9.Qd2 f6 10.Nh3 Be6 11.Nf4 Bf7 12.f3 Ne7 13.Ncd5 g5 14.hxg5 fxg5 15.Nh3 Nxd5
16.exd5 g4 17.Ng5 Qf6 18.Nxf7 Nxf7 19.c3 O-O-O 20.f4 Nh6 21.Rxh5 Nf5 22.Rxh8 Rxh8
23.O-O-O Bh6 24.Kc2 Nxe3+ 25.Qxe3 Qxf4 26.Qa7 Qa4+ 27.b3 Qxa2+ 28.Kd3 Qxb3
29.Be2 Qb5+ 30.c4 Qb3+ 31.Ke4 Re8+ 32.Kf5 Rxe2 33.Rd4 Qe3 34.Qa8+ Kd7 35.Rxg4 Qd3+
36.Kf6 Rf2+  0-1

[Event "Mitropa Cup"]
[Site "Baden"]
[Date "1999.04.09"]
[Round "8"]
[White "Plachetka, Jan"]
[Black "Hebesberger, Thomas"]
[Result "1-0"]
[WhiteElo "2395"]
[BlackElo "2240"]

1.d4 g6 2.e4 Bg7 3.Nc3 c5 4.d5 d6 5.Nf3 Nf6 6.Be2 O-O 7.O-O Na6 8.Re1 Nc7
9.a4 Rb8 10.h3 a6 11.a5 b5 12.axb6 Rxb6 13.Bf1 Rb8 14.Na4 e6 15.c4 exd5 16.exd5 Re8
17.Bd3 Rxe1+ 18.Qxe1 Nh5 19.Rb1 Bd7 20.Nc3 f5 21.Ne2 Ne8 22.b3 Nef6 23.Nf4 Nxf4
24.Bxf4 Ne4 25.Bxe4 fxe4 26.Ng5 Qf6 27.Qe3 Rf8 28.Bg3 Re8 29.Nxe4 Qf5 30.Re1 Bd4
31.Qf4 Qxf4 32.Bxf4 Kg7 33.Kf1 Bf5 34.f3 Rb8 35.Bxd6 Rxb3 36.Bxc5 Bxc5 37.Nxc5 Rc3
38.Re7+ Kg8 39.d6 Kf8 40.Rxh7 Rxc4 41.d7 Rd4 42.Rh8+  1-0

[Event "IND-ROW m"]
[Site "Bali"]
[Date "1999.05.07"]
[Round "6"]
[White "Van den Doel, Erik"]
[Black "Adianto, Utut"]
[Result "0-1"]
[WhiteElo "2535"]
[BlackElo "2607"]

1.e4 g6 2.d4 Bg7 3.Nc3 c5 4.Be3 Nc6 5.d5 Nd4 6.Nb1 Qb6 7.Bc1 a6 8.a4 f5 9.c3 Nb3
10.a5 Nxa5 11.Nd2 Bh6 12.exf5 Bxd2+ 13.Bxd2 Nb3 14.fxg6 hxg6 15.Ra3 Nxd2
16.Qxd2 Nf6 17.Nf3 d6 18.Bd3 Bg4 19.Ng5 O-O-O 20.Nf7 Rh5 21.Nxd8 Re5+ 22.Kf1 c4
23.Bxc4 Ne4 24.Qc2 Bd1 25.Qxd1 Qxf2+  0-1

[Event "Santo Antonio"]
[Site "Santo Antonio"]
[Date "1999.05.17"]
[Round "3"]
[White "Campora, Daniel H"]
[Black "Rocha, Sergio"]
[Result "1/2-1/2"]
[WhiteElo "2553"]
[BlackElo "2430"]

1.e4 g6 2.d4 Bg7 3.Nc3 d5 4.exd5 Nf6 5.Bc4 Nbd7 6.Bg5 Nb6 7.Bxf6 Bxf6 8.Bb3 O-O
9.Nge2 a5 10.a4 c6 11.dxc6 bxc6 12.O-O Qc7 13.Qd2 Rd8 14.Qe3 Ba6 15.Rfe1 Nd5
16.Qf3 Nxc3 17.Nxc3 Rxd4 18.Ne4 Kg7 19.Nxf6 exf6 20.Rad1 Rxd1 21.Qxd1 Rd8
22.Qf3 c5 23.Bd5 Qd7 24.Bc6 Qd2 25.Qc3 Qxc3 26.bxc3 Rd2 27.Bb5 Bc8 28.Bd3 c4
29.Bxc4 Rxc2 30.Bb5 Rxc3 31.f3 Be6 32.Rd1 Bc4 33.Rd8 Bxb5 34.axb5 Rb3 35.Rb8 Rb2
36.b6 f5 37.Ra8 Rxb6 38.Rxa5 Rb2 39.h3 f4 40.Ra7 Kf6 41.Rc7 h6 42.Ra7 Rd2
43.Rb7 g5 44.Rb6+ Kg7 45.h4 f6 46.h5 f5 47.Rg6+ Kf7 48.Kf1 Rd1+ 49.Kf2 Rh1
50.Rxh6 g4 51.fxg4 fxg4 52.Rg6 f3 53.gxf3  1/2-1/2

[Event "Rhein Main op"]
[Site "Frankfurt"]
[Date "1999.06.05"]
[Round "6"]
[White "Kettler, Bernhard"]
[Black "Mueller, Achim"]
[Result "0-1"]
[WhiteElo "2295"]
[BlackElo "2185"]

1.e4 g6 2.d4 Bg7 3.Nc3 a6 4.Nf3 b5 5.a4 b4 6.Nd5 a5 7.Bg5 c6 8.Ne3 Ba6 9.Bxa6 Nxa6
10.Qd3 Nc7 11.O-O Nf6 12.Ne5 O-O 13.Bh4 Ne6 14.f4 Qc7 15.c3 Rab8 16.f5 Nc5
17.dxc5 Qxe5 18.Nc4 Qxe4 19.Qxe4 Nxe4 20.Bxe7 bxc3 21.f6 cxb2 22.Rab1 Rfe8
23.Rf4 Nc3 24.Rff1 Nxb1 25.Rxb1 Bf8 26.Nb6 Bxe7 27.fxe7 Rxe7 28.Rxb2 Re4
29.Rd2 Rb7 30.Nxd7 Rxa4 31.Ne5 Ra1+ 32.Kf2 a4 33.Nxc6 a3 34.Rd8+ Kg7 35.Nd4 Rb2+
36.Kg3 a2 37.c6 Rc1 38.c7 Rxc7  0-1

[Event "Haarlem AKN op 8th"]
[Site "Haarlem"]
[Date "1999.07.03"]
[Round "4"]
[White "Bezemer, Arno"]
[Black "Galje, Hans"]
[Result "1/2-1/2"]
[WhiteElo "2242"]
[BlackElo "2122"]

1.e4 g6 2.d4 Bg7 3.Nc3 c5 4.d5 d6 5.h3 Nf6 6.Nf3 O-O 7.Bf4 Na6 8.Bc4 Nc7
9.a4 b6 10.Qd3 a6 11.O-O Bb7 12.Rfe1 Nd7 13.Rad1 Ne8 14.Qe3 Ne5 15.Bf1 Nxf3+
16.Qxf3 Nf6 17.g3 Nd7 18.Bg2 Ne5 19.Qe2 Rb8 20.Bg5 b5 21.axb5 axb5 22.Nxb5 Ba6
23.c4 Nxc4 24.Qxc4 Bxb5 25.Qc2  1/2-1/2

[Event "S&W Young Masters 9th"]
[Site "Witley"]
[Date "1999.07.17"]
[Round "1"]
[White "Palliser, Richard"]
[Black "Houska, Miroslav"]
[Result "1-0"]
[WhiteElo "2253"]
[BlackElo "2364"]

1.d4 g6 2.e4 Bg7 3.Nc3 d5 4.exd5 Nf6 5.Bc4 Nbd7 6.Bg5 Nb6 7.Bxf6 Bxf6 8.Bb3 O-O
9.Nge2 Bg4 10.f3 Bf5 11.Ng3 Qd7 12.Qd2 c6 13.dxc6 bxc6 14.O-O-O Rfd8 15.Qf4 a5
16.Nxf5 gxf5 17.a4 Nd5 18.Nxd5 cxd5 19.g4 fxg4 20.fxg4 Rab8 21.Rhf1 Qd6 22.Qf5 Qe6
23.g5 Bg7 24.Qf3 Qg6 25.h4 e6 26.Kb1 Rd7 27.Rg1 Rb4 28.h5 Qe4 29.Qxe4 dxe4
30.Rge1 Rbxd4 31.Rxd4 Rxd4 32.c3 Rd2 33.g6 hxg6 34.hxg6 fxg6 35.Rxe4 g5 36.Rxe6 Kh7
37.Ra6 g4 38.Rxa5 Bf6 39.Rd5 Rf2 40.Rd7+ Kg6 41.Bc2+ Kg5 42.Rd5+ Kf4 43.Rf5+ Ke3
44.Rxf2 Kxf2 45.Be4 Ke3 46.Bd5 Kd3 47.Ka2 Bd8 48.Ka3 Be7+ 49.Kb3 g3 50.a5 Bc5
51.Ka4 Be3 52.Kb5 Ba7 53.Kc6 Kc2 54.b4 Kxc3 55.b5  1-0

[Event "SCO-ch"]
[Site "Edinburgh"]
[Date "1999.07.19"]
[Round "4"]
[White "Minnican, Alan"]
[Black "Norris, Alan J"]
[Result "0-1"]
[WhiteElo "2145"]
[BlackElo "2335"]

1.d4 g6 2.e4 Bg7 3.Nc3 c5 4.d5 d6 5.f4 Nf6 6.Nf3 O-O 7.Be2 b5 8.e5 dxe5 9.fxe5 Ng4
10.Nxb5 Nxe5 11.O-O Nbd7 12.d6 e6 13.Bg5 Nxf3+ 14.Bxf3 Qxg5 15.Bxa8 Ba6 16.Nc7 Bxf1
17.Qxf1 Bxb2 18.Rd1 Bd4+ 19.Kh1 Qd8 20.Qa6 Nb6 21.Bf3 Qxd6 22.Nb5 Qb8 23.Nxa7 Nd5
24.Nc6 Qd6 25.Bxd5 exd5 26.Qb7 Bf6 27.a4 Re8 28.a5 Re6 29.Nb8 Qe5 30.Rg1 Qf4
31.Nd7 Kg7 32.a6 Bd4 33.a7 Bxg1 34.a8=Q Qxh2+  0-1

[Event "SCO-ch"]
[Site "Edinburgh"]
[Date "1999.07.24"]
[Round "9"]
[White "Beaton, Kenneth S"]
[Black "Norris, Alan J"]
[Result "1-0"]
[WhiteElo "2120"]
[BlackElo "2335"]

1.d4 g6 2.e4 Bg7 3.Nc3 c5 4.dxc5 Bxc3+ 5.bxc3 Qa5 6.Bd3 Qxc3+ 7.Bd2 Qxc5
8.Nf3 d6 9.Rb1 Nf6 10.Rb5 Qc7 11.Bh6 Nbd7 12.O-O b6 13.Qe2 Ba6 14.e5 dxe5
15.Nxe5 Nxe5 16.Rxe5 Bxd3 17.cxd3 Qd6 18.Re1 O-O-O 19.d4 Nd5 20.Qa6+ Kb8
21.a4 e6 22.a5 Rd7 23.axb6 Qxb6 24.Qa4 Rb7 25.Rxd5 exd5 26.Re8+ Qd8 27.Bf4+ Ka8
28.Rxd8+ Rxd8 29.h4 Rc8 30.Kh2 h5 31.Bd6 Rd8 32.Bc5 Rdd7 33.Qa6 Kb8 34.Qf6 Kc7
35.Qe5+ Kc6 36.Qe2 Rb5 37.Qd2 a5 38.Qd1 Rd8 39.Qa1 Ra8 40.Qa4 Ra6 41.Kg3 f6
42.f3 Ra8 43.Kf4 Re8 44.Qc2 f5 45.Kg5 Re6 46.Qa2 Rxc5 47.dxc5 Kxc5 48.Qxa5+ Kc4
49.Qa2+ Kc5 50.Qc2+ Kb4 51.Qd3 Kc5 52.Qc3+ Kd6 53.Qd4 Kc6 54.Kh6 Rd6 55.Kg7 Kd7
56.Kf7 Kd8 57.Qc5 Kd7 58.Qa7+ Kd8 59.Qb8+ Kd7 60.Qb7+ Kd8 61.Qe7+  1-0

[Event "Biel MTO"]
[Site "Biel"]
[Date "1999.07.26"]
[Round "7"]
[White "Gurieli, Nino"]
[Black "Wippermann, Till"]
[Result "1-0"]
[WhiteElo "2351"]
[BlackElo "2250"]

1.d4 g6 2.e4 Bg7 3.Nc3 c5 4.d5 d6 5.Bb5+ Bd7 6.a4 Nf6 7.Nf3 O-O 8.Bxd7 Nfxd7
9.O-O Na6 10.Bf4 Nc7 11.Re1 a6 12.Qe2 Re8 13.h4 Nf6 14.Rad1 b5 15.e5 dxe5
16.Bxe5 b4 17.Ne4 Nxe4 18.Qxe4 f6 19.Bg3 Rc8 20.Qc4 Kh8 21.Qxc5 Na8 22.Qxb4 Rxc2
23.d6 e5 24.d7 Rg8 25.Qb3 Rc7 26.Qe6 Rb7 27.Bxe5 Rb6 28.Bd6  1-0

[Event "Aceimar op 6th"]
[Site "Mondariz Balneario"]
[Date "1999.07.28"]
[Round "2"]
[White "Vallejo Pons, Francisco"]
[Black "Martinez Rodriguez, Pablo"]
[Result "1-0"]
[WhiteElo "2519"]
[BlackElo "2249"]

1.e4 g6 2.Nc3 Bg7 3.d4 c5 4.d5 d6 5.Bb5+ Bd7 6.a4 Na6 7.Nf3 Nc7 8.Be2 a6
9.a5 Nf6 10.O-O Nb5 11.Bd2 O-O 12.Bd3 Bg4 13.h3 Bxf3 14.Qxf3 Nd4 15.Qd1 Rc8
16.Re1 Nd7 17.Bf1 c4 18.Na4 e5 19.Bb4 Qe7 20.Ra3 f5 21.exf5 Rxf5 22.Qxd4  1-0

[Event "Aceimar op 6th"]
[Site "Mondariz Balneario"]
[Date "1999.07.29"]
[Round "3"]
[White "Andres Gonzalez, Alberto"]
[Black "De la Villa Garcia, Jesus Maria"]
[Result "0-1"]
[WhiteElo "2304"]
[BlackElo "2473"]

1.d4 g6 2.e4 Bg7 3.Nc3 c5 4.Nf3 cxd4 5.Nxd4 Nc6 6.Nde2 d6 7.g3 h5 8.Bg2 h4
9.Nf4 hxg3 10.hxg3 Rxh1+ 11.Bxh1 Bxc3+ 12.bxc3 Nf6 13.Nd5 Qa5 14.Nxf6+ exf6
15.Rb1 Ne5 16.Rb3 Bg4 17.f3 Be6 18.Rxb7 O-O-O 19.Rb1 Qxc3+ 20.Kf2 Bxa2 21.Rb5 Qc6
22.Rb2 Be6 23.Qd4 Qc5 24.Be3 Nc4 25.Qxc5+ dxc5 26.Rb5 Nxe3 27.Kxe3 Kc7 28.f4 Kc6
29.Rb1 Kd6 30.Ra1 Rd7 31.Ra6+ Ke7 32.Bf3 Rc7 33.Be2 Bc8 34.Ra5 Kd6 35.Bb5 Re7
36.Kd3 Bb7 37.Kc3 Bxe4 38.Ra6+ Kc7 39.Rxa7+ Bb7 40.Ba6 Kb6 41.Rxb7+ Rxb7
42.Bxb7 Kxb7 43.Kc4 Kc6 44.g4 f5 45.g5 Kd6 46.Kc3 Kc7 47.Kb3 Kb6 48.c4 Kc6
49.Ka4 Kd6 50.Kb5 f6 51.gxf6 g5 52.fxg5 f4 53.g6 Ke6 54.Kxc5 f3 55.g7 Kf7  0-1

[Event "Aceimar op 6th"]
[Site "Mondariz Balneario"]
[Date "1999.07.31"]
[Round "5"]
[White "Fernando, Diego"]
[Black "Rocha, Sergio"]
[Result "0-1"]
[WhiteElo "2221"]
[BlackElo "2427"]

1.e4 g6 2.d4 Bg7 3.Nc3 d5 4.Nxd5 c6 5.Ne3 Qxd4 6.Bd3 Nf6 7.Nf3 Qd8 8.O-O O-O
9.Qe2 Qc7 10.c3 Nbd7 11.Bc2 a5 12.Re1 b6 13.Nf1 e5 14.Qd2 h6 15.Rd1 Re8 16.Qd6 Qb7
17.Be3 Bf8 18.Qd2 Kh7 19.h3 Nc5 20.Ng3 Qc7 21.Nh2 Ne6 22.Ng4 Nxg4 23.hxg4 Nf4
24.f3 Be6 25.Qf2 c5 26.Bb3 c4 27.Bc2 b5 28.Rd2 Qc6 29.Rad1 b4 30.Nf1 b3 31.axb3 cxb3
32.Bb1 Bc4 33.Qh4 Be7 34.Qh2 Bc5 35.Bxc5 Qxc5+ 36.Kh1 Bxf1 37.Rxf1 Red8 38.Rdf2 Rd1
39.g3 Nh3  0-1

[Event "Baunatal op 5th"]
[Site "Baunatal"]
[Date "1999.08.12"]
[Round "1"]
[White "Kleinschroth, Roland"]
[Black "Rehbein, Ullrich"]
[Result "1-0"]
[WhiteElo "2174"]
[BlackElo "1695"]

1.e4 g6 2.d4 Bg7 3.Nc3 c5 4.Be3 Qa5 5.Qd2 Nc6 6.Nge2 d6 7.O-O-O Nf6 8.f3 O-O
9.Kb1 b5 10.Bh6 cxd4 11.Nxd4 Nxd4 12.Bxg7 Kxg7 13.Qxd4 Be6 14.g4 Kg8 15.h4 Rac8
16.h5 Rxc3 17.bxc3 Rc8 18.Qb4 Qxa2+ 19.Kc1 a5 20.Qb2 Nd7 21.Qxa2 Bxa2 22.Bxb5 Ne5
23.Be2 Rxc3 24.Kd2 Rc5 25.Ra1 Bc4 26.hxg6 fxg6 27.Bxc4+ Rxc4 28.Rhf1 Rd4+
29.Ke2 Rc4 30.Rfc1 Rc3 31.Rxa5 Nxf3 32.Ra8+ Kg7 33.Ra7 Kf6 34.Rf1  1-0

[Event "CRA-ch"]
[Site "Antiguo"]
[Date "1999.08.13"]
[Round "11"]
[White "Leandro, J."]
[Black "Jimenez, Juan Leon"]
[Result "1-0"]
[WhiteElo "2105"]
[BlackElo "2252"]

1.e4 g6 2.d4 Bg7 3.Nc3 c5 4.Nf3 cxd4 5.Nxd4 Nc6 6.Be3 Nf6 7.Bc4 O-O 8.f3 Qb6
9.Bb3 Ng4 10.fxg4 Bxd4 11.Bxd4 Qxd4 12.Qxd4 Nxd4 13.O-O-O Nc6 14.g5 d6 15.Nd5 Bg4
16.Rd2 Rac8 17.Ba4 Kg7 18.Re1 Be6 19.Nf4 Rb8 20.Nxe6+ fxe6 21.Bxc6 bxc6 22.c4 Rf4
23.h3 Kf7 24.Ree2 e5 25.Kc2 Ke6 26.Rd3 Rb4 27.Kc3 a5 28.a3 Rb7 29.b3 c5 30.Rd1 Rb8
31.Rde1 Rbf8 32.Rd1 Rh4 33.Rd3 Rhf4 34.Rd1 R8f7 35.Kc2 Rh4 36.Rd3 Rh5 37.Rg3 Rf1
38.Rg4 Rf4 39.Rg3 Rhh4 40.Rge3 Rf1 41.Re1 Rxe1 42.Rxe1 Rh5 43.Rg1 Rxg5 44.g4 h5
45.Kd3 Kf6 46.Ke3 e6 47.Kf3 d5 48.Kg3 dxe4 49.Rf1+ Rf5 50.gxf5 exf5 51.h4 f4+
52.Kf2 e3+ 53.Kf3 Kf5 54.Rg1 e4+ 55.Ke2 Ke5 56.Rxg6 Kd4 57.Rd6+ Kc3 58.Rd5 Kxb3
59.Rxc5 a4 60.Rxh5 Kxa3 61.Ra5 Ka2 62.h5  1-0

[Event "Faro op"]
[Site "Algarve"]
[Date "1999.08.14"]
[Round "5"]
[White "Fernandez Siles, Luis"]
[Black "Rocha, Sergio"]
[Result "0-1"]
[WhiteElo "2227"]
[BlackElo "2427"]

1.e4 g6 2.d4 Bg7 3.Nc3 d5 4.exd5 Nf6 5.Bb5+ Nbd7 6.Nge2 O-O 7.O-O Nb6 8.Re1 a6
9.Bd3 Nbxd5 10.Nxd5 Nxd5 11.c3 b6 12.Nf4 Nf6 13.Qf3 Ra7 14.Qe2 Re8 15.Bc4 e6
16.Nd3 Bb7 17.Ne5 Bd5 18.Bg5 Bxc4 19.Qxc4 Qd5 20.Bxf6 Qxc4 21.Nxc4 Bxf6 22.d5 b5
23.Na5 Raa8 24.dxe6 Rxe6 25.Rxe6 fxe6 26.Nc6 a5 27.Re1 Kf7 28.Ne5+ Ke7 29.Nc6+ Kd6
30.Nd4 Bxd4 31.cxd4 Ra6 32.Re5 Rc6 33.g3 Rc1+ 34.Kg2 c6 35.Kf3 Rd1 36.Re4 Rd2
37.Re2 Rxd4 38.Rc2 c5 39.Ke3 Kd5 40.f3 a4 41.a3 e5 42.Rf2 g5 43.Rf1 c4 44.Rc1 Rd3+
45.Ke2 h5 46.Rc3 Kd4 47.Rc1 g4 48.fxg4 hxg4 49.Rc2 e4 50.Rc1 e3 51.Rc2 Ke4
52.Ke1 Kf3 53.Re2 c3  0-1

[Event "POR-ch"]
[Site "Lisbon"]
[Date "1999.09.05"]
[Round "11"]
[White "Carvalho, Alda"]
[Black "Charneira, Hermenegildo"]
[Result "1-0"]
[WhiteElo "2061"]
[BlackElo "2197"]

1.e4 Nc6 2.Nc3 g6 3.d4 Bg7 4.Be3 d6 5.f4 e6 6.Nf3 Bd7 7.Qd2 f5 8.d5 exd5
9.exd5 Nb8 10.Bc4 Nf6 11.O-O O-O 12.Rae1 Kh8 13.Bd4 h6 14.Ne2 c5 15.dxc6 Nxc6
16.Bc3 Qb6+ 17.Bd4 Nxd4 18.Qxd4 Qc7 19.Qd3 Rae8 20.h3 Re4 21.Bb3 Rfe8 22.Nc3 Qc5+
23.Kh1 Bc6 24.Bf7 R8e7 25.Bxg6 b5 26.b4 Qxb4 27.Rb1 Qc5 28.Nxb5 Nd5 29.Qa3 Nxf4
30.Qxc5 dxc5 31.Bxf5 Re2 32.Nh4 Rxg2 33.Nxa7 Bd5 34.Rb8+ Bf8 35.Nxg2 Nxg2
36.Kg1 Rf7 37.Be4 Rxf1+ 38.Kxf1 Ne3+ 39.Ke2 Kg7 40.Kxe3  1-0

[Event "CRO-chT"]
[Site "Pula"]
[Date "1999.09.18"]
[Round "9"]
[White "Vargic, Drago"]
[Black "Armanda, Ivica"]
[Result "1-0"]
[WhiteElo "2285"]
[BlackElo "2346"]

1.e4 g6 2.d4 Bg7 3.Nc3 c5 4.dxc5 Qa5 5.Ne2 Nf6 6.Bd2 Qxc5 7.Nf4 O-O 8.Be2 Nc6
9.h4 d5 10.exd5 Nb4 11.Bf3 Bf5 12.Rc1 e5 13.dxe6 fxe6 14.O-O Rad8 15.a3 Nbd5
16.Ncxd5 exd5 17.Bb4 Qc4 18.Bxf8 Bxf8 19.g3 Bh6 20.Qe2 Bxf4 21.Qxc4 dxc4
22.gxf4 Rd4 23.Kg2 Rxf4 24.Kg3 Rd4 25.Rcd1 Ne4+ 26.Kf4 Rxd1 27.Rxd1 Nxf2
28.Rd2 Nh3+ 29.Kg3 Ng1 30.Bg2  1-0

[Event "EU-ch U20 Girls"]
[Site "Patras"]
[Date "1999.10.09"]
[Round "5"]
[White "Kalinina, Vladislava"]
[Black "Jurkiewicz, Katarzyna"]
[Result "1-0"]
[WhiteElo "2239"]
[BlackElo "2225"]

1.e4 g6 2.d4 Bg7 3.Nc3 d5 4.exd5 Nf6 5.Bb5+ Nbd7 6.Bg5 O-O 7.Qd2 Nb6 8.Nf3 Nbxd5
9.Bd3 Nxc3 10.Qxc3 Qd6 11.O-O b6 12.Bh4 Nd5 13.Qe1 Bb7 14.Bg3 Nf4 15.Be4 Ba6
16.Bxa8 Ne2+ 17.Qxe2 Bxe2 18.Bxd6 Rxa8 19.Bxe7  1-0

[Event "ESP-chT Div 1"]
[Site "Cala Galdana"]
[Date "1999.11.11"]
[Round "4"]
[White "Vehi Bach, Victor Manuel"]
[Black "Bellon Lopez, Juan Manuel"]
[Result "0-1"]
[WhiteElo "2389"]
[BlackElo "2463"]

1.e4 g6 2.d4 Bg7 3.Nc3 a6 4.Be3 b5 5.Bd3 Bb7 6.Qd2 d6 7.f3 Nd7 8.a4 c6 9.Nh3 Rc8
10.axb5 cxb5 11.Nf2 Nb6 12.b3 e5 13.Ne2 Ne7 14.dxe5 O-O 15.exd6 Ned5 16.Bd4 Bxd4
17.Nxd4 Qf6 18.exd5 Qxd4 19.O-O Nxd5 20.Rae1 Nf4 21.Re4 Bxe4 22.Qxf4 Rfd8
23.Qxe4 Qb6 24.Re1 Rxd6 25.Qf4 Re6 26.Qb4 Rcc6 27.Kf1 Rcd6 28.Rxe6 Rxe6 29.Qf4 Qa5
30.g3 Qa1+ 31.Kg2 Qe5 32.Qxe5 Rxe5 33.Kf1 f5 34.f4 Rc5 35.b4 Rc3 36.Ke2 Ra3
37.Kd2 Ra4 38.c3 Ra1 39.Nd1 Kf7 40.Bc2 a5 41.Bb3+ Ke7 42.Kc2 axb4 43.cxb4 Kd6
44.Kb2 Ra7 45.Nc3 Kc6 46.Bd5+ Kb6 47.Bf3 Rd7 48.Nd5+ Ka6 49.Kc3 Rd8 50.Kd4 Rc8
51.h3 Rc2 52.g4 Rh2 53.gxf5 gxf5 54.Ke5 Rxh3 55.Be2 Rh2 56.Bd3 h5 57.Kxf5 Rg2
58.Ne3 Rb2 59.Nc2 h4 60.Kg4 h3 61.Kxh3 Rb3 62.Ne1 Rxb4 63.Kg4 Kb6 64.Kg5 Kc7
65.f5 Kd6 66.f6 Rd4 67.Bf5 Ra4 68.Kg6 b4 69.f7 Ra8 70.Kg7 Ke5 71.Bg6 Kd4
72.Nc2+ Kc3 73.f8=Q Rxf8 74.Kxf8 b3 75.Na3  0-1

[Event "Eu Team Ch"]
[Site "Batumi GEO"]
[Date "1999.12.05"]
[Round "6"]
[White "Fressinet,L"]
[Black "Silva,F"]
[Result "1/2-1/2"]
[WhiteElo "2440"]
[BlackElo "2327"]

1.e4 c5 2.Nc3 g6 3.d4 Bg7 4.dxc5 Bxc3+ 5.bxc3 Qa5 6.Qd4 Nf6 7.Qb4 Qc7 8.Nf3 Nc6
9.Qa4 Ne5 10.Nxe5 Qxe5 11.Qd4 Qxe4+ 12.Be3 O-O 13.Qxe4 Nxe4 14.c4 d6 15.cxd6 Nxd6
16.f3 b6 17.Bd3 Ba6 18.c5 Bxd3 19.cxd6 Bxc2 20.Rc1 Rfc8 21.dxe7 f6 22.Bf4 Kf7
23.Kd2 Bf5 24.Bd6 Rxc1 25.Rxc1 Rc8 26.Rxc8 Bxc8 27.Kc3 h5 28.Kd4 Bb7 29.h4 Bc6
30.Bb8  1/2-1/2

[Event "Bristol op"]
[Site "Bristol"]
[Date "1999.??.??"]
[Round "1"]
[White "Mordue, A Tyson"]
[Black "Chaplin, Peter E"]
[Result "1-0"]
[WhiteElo "2265"]
[BlackElo "2060"]

1.e4 g6 2.d4 Bg7 3.Nc3 d5 4.e5 h5 5.Be2 Nh6 6.Bf4 c6 7.Qd2 Nf5 8.Nf3 b6 9.O-O-O e6
10.Kb1 Ba6 11.Bg5 Qc8 12.h3 Bxe2 13.Nxe2 c5 14.g4 Nxd4 15.Nexd4 cxd4 16.Nxd4 Nc6
17.Nb5 Qd7 18.Nd6+ Kf8 19.f4 Nd8 20.Ne4 Nb7 21.Qb4+ Nc5 22.Nxc5 bxc5 23.Qxc5+ Kg8
24.Qe3 Rc8 25.c3 Rc4 26.gxh5 Rxh5 27.h4 Qb7 28.Rd4 Rc8 29.Rhd1 Bf8 30.Qf3 Rb8
31.R4d2 Ba3 32.Qe2 Qc7 33.f5 Be7 34.fxg6 fxg6 35.Qg4 Qd7 36.Bxe7  1-0

[Event "DEN-chT 9899"]
[Site "Denmark"]
[Date "1999.??.??"]
[Round "6"]
[White "Petersen, Steen"]
[Black "Jacobsen, Bo"]
[Result "1/2-1/2"]
[WhiteElo "2146"]
[BlackElo "2283"]

1.e4 g6 2.d4 Bg7 3.Nc3 d5 4.exd5 Nf6 5.Bb5+ Nbd7 6.Nf3 O-O 7.Bxd7 Qxd7 8.Ne5 Qd6
9.O-O Nxd5 10.Ne4 Qd8 11.c4 Nf6 12.Ng5 Nd7 13.Nxd7 Qxd7 14.Be3 b6 15.Rc1 Bb7
16.Rc2 Rad8 17.Rd2 Qf5 18.d5 c6 19.dxc6 Rxd2 20.Qxd2 Bxc6 21.f3 Bf6 22.Nh3 Ba8
23.Nf2 e6 24.Ng4 Bg7 25.Nh6+ Bxh6 26.Bxh6 Qc5+ 27.Kh1 Re8 28.Rd1 Bc6 29.Qf4 Qe7
30.Bg5 e5 31.Bxe7 exf4 32.Bf6 h6 33.Kg1 Kh7 34.Kf2 Re6 35.Bc3 g5 36.Rd8 Kg6
37.Rg8+ Kh5 38.g4+ fxg3+ 39.hxg3 f5 40.Rg7 g4 41.f4 Bf3 42.Rf7 Kg6 43.Rg7+ Kh5
44.Rf7 Kg6 45.Rg7+ Kh5  1/2-1/2